| 000 | 01162nam a22002777a 4500 | ||
|---|---|---|---|
| 005 | 20111014121557.0 | ||
| 008 | 111014t xxu||||| |||| 00| 0 eng d | ||
| 010 | _aB-441230 | ||
| 020 |
_a9788176467049 _c2450.00 |
||
| 020 |
_a8176467049 _c2450.00 |
||
| 035 | _aB-441230 | ||
| 037 | _bS.P/Allied/Ven | ||
| 040 |
_aDPL _bEnglish |
||
| 082 | _a027.054 | ||
| 100 |
_aKumar, P.S.G. _935517 |
||
| 245 |
_aLibrary movement and library development in Delhi & Chandigarh / _cby P.S.G.Kumar |
||
| 260 |
_aDelhi _bB.R. Publishing _c2010 |
||
| 270 |
_a425, Nimri Colony, Ashok Vihar, Phase IV _bDelhi _e110 052 _mbrpcltd@de12.vsnl.net.in |
||
| 300 |
_axi,748p.: _c28cm. (Hb) _bB& W.photos |
||
| 490 |
_aLibrary in India series; 8 _v8 _935588 |
||
| 500 | _a Includes index | ||
| 700 |
_aHazarika, Jiten _935519 |
||
| 942 |
_adpl _cEN _2ddc _h027.054 _mKUM |
||
| 999 |
_c57632 _d57632 |
||